000 00258nam a2200109Ia 4500
008 230907s9999||||xx |||||||||||||| ||und||
082 _a332.6
_bBOD
100 _aBodie, Zvi,
_9116076
245 0 _aInvestments /
300 _axxviii, 968 pages ;
942 _cBK
999 _c601020
_d601020